[Event "Spring Arrival"]
[Site "SchemingMind.com"]
[Date "2017.03.23"]
[Round "-"]
[White "Stephen Woodhouse"]
[Black "frankly"]
[Result "1/2-1/2"]
[WhiteCountry "ENG"]
[BlackCountry "ENG"]
[WhiteElo "1846"]
[WhiteRD "61"]
[BlackElo "2531"]
[BlackRD "59"]
[GameID "412068"]

1. e4 e5 2. Nf3 Nc6 3. d4 exd4 4. Nxd4 Nf6 5. Nc3 Bb4 6. Nxc6 bxc6 7. Bd3 d5 8. exd5 cxd5 9. O-O O-O 10. Bg5 c6
11. Qf3 Bd6 12. Rae1 Rb8 13. Nd1 h6 14. Bxf6 Qxf6 15. Qxf6 gxf6 16. b3 Kh8 17. Ne3 Bb4 18. Re2 Re8 19. Nd1 Rxe2 20. Bxe2 Kg7
21. Ne3 f5 22. Bd3 f4 23. Nf5+ Kf6 24. Nd4 Bd7 25. Ne2 Bd6 26. Re1 Be5 27. Kf1 Be6 28. Ng1 h5 29. Nf3 Bc3 30. Rd1 a5
31. a4 Rb4=
1/2-1/2

[Event "Spring Arrival"]
[Site "SchemingMind.com"]
[Date "2017.03.24"]
[Round "-"]
[White "frankly"]
[Black "Stephen Woodhouse"]
[Result "1-0"]
[WhiteCountry "ENG"]
[BlackCountry "ENG"]
[WhiteElo "2509"]
[WhiteRD "62"]
[BlackElo "1855"]
[BlackRD "61"]
[GameID "412069"]

1. d4 e6 2. e4 d5 3. Nc3 Nf6 4. Bg5 dxe4 5. Nxe4 Be7 6. Bxf6 Bxf6 7. Nf3 O-O 8. c3 Nd7 9. Qc2 b6 10. O-O-O Bb7
11. Kb1 Qe7 12. Bc4 c5 13. d5 exd5 14. Bxd5 Bxd5 15. Rxd5 Rad8 16. Re1 Rfe8 17. Nxf6+ Qxf6 18. Rxe8+
1-0

[Event "Spring Arrival"]
[Site "SchemingMind.com"]
[Date "2017.03.23"]
[Round "-"]
[White "John Hamer"]
[Black "Stephen Woodhouse"]
[Result "1-0"]
[WhiteCountry "ENG"]
[BlackCountry "ENG"]
[WhiteElo "2000"]
[WhiteRD "71"]
[BlackElo "1855"]
[BlackRD "61"]
[GameID "412115"]

1. d4 e6 2. Nf3 f5 3. Bf4 Nf6 4. c4 Bb4+ 5. Nbd2 O-O 6. e3 b6 7. Be2 Bb7 8. O-O Ne4 9. Nxe4 Bxe4 10. c5 bxc5
11. a3 Ba5 12. dxc5 c6 13. Bd6 Re8 14. Nd2 Bc7 15. Bxc7 Qxc7 16. f3 Bd5 17. e4 fxe4 18. fxe4 Qe5 19. Qc2 d6 20. cxd6 Qxd6
21. exd5 exd5 22. Bd3 Nd7 23. Bxh7+
1-0

[Event "Spring Arrival"]
[Site "SchemingMind.com"]
[Date "2017.03.23"]
[Round "-"]
[White "Stephen Woodhouse"]
[Black "John Hamer"]
[Result "0-1"]
[WhiteCountry "ENG"]
[BlackCountry "ENG"]
[WhiteElo "1855"]
[WhiteRD "61"]
[BlackElo "2000"]
[BlackRD "71"]
[GameID "412116"]

1. e4 c6 2. d4 d5 3. e5 g6 4. c4 Be6 5. cxd5 Bxd5 6. Nc3 Bg7 7. Nge2 e6 8. Nxd5 cxd5 9. Nc3 Nc6 10. Nb5 Bf8
11. Be2 a6 12. Nc3 Bg7 13. O-O Nge7 14. Bg5 O-O 15. Rc1 h6 16. Bh4 Re8 17. b3 Rc8 18. Qd2 Qb6 19. Rfd1 Nf5 20. Bf6 Bxf6
21. exf6 Qd8 22. g4 Nfxd4 23. Qxh6 Qxf6 24. g5 Qf4 25. h4 Nf5
0-1

[Event "Spring Arrival"]
[Site "SchemingMind.com"]
[Date "2017.03.23"]
[Round "-"]
[White "John Hamer"]
[Black "frankly"]
[Result "1/2-1/2"]
[WhiteCountry "ENG"]
[BlackCountry "ENG"]
[WhiteElo "2000"]
[WhiteRD "71"]
[BlackElo "2509"]
[BlackRD "62"]
[GameID "412117"]

1. c4 e5 2. Nc3 Nc6 3. g3 Bb4 4. Bg2 Bxc3 5. bxc3 Nf6 6. d3 O-O 7. Nf3 e4 8. dxe4 Nxe4 9. Nd4 Re8 10. Qc2 Nxd4
11. cxd4 d5 12. cxd5 Qxd5 13. O-O Qxd4 14. Be3 Qe5 15. Bf4 Qe7 16. Qxc7= Qxc7 17. Bxc7 Bf5 18. Rac1 Rac8 19. Rfd1 b6 20. f3 Nc5
21. Bd6 Na4 22. e4 Be6 23. Rxc8 Rxc8 24. Rd2 Rc1+ 25. Kf2 h6 26. Bb4 a6 27. Bf1 a5 28. Bd6=
1/2-1/2

[Event "Spring Arrival"]
[Site "SchemingMind.com"]
[Date "2017.04.03"]
[Round "-"]
[White "John Hamer"]
[Black "flyinduck"]
[Result "1-0"]
[WhiteCountry "ENG"]
[BlackCountry "CAN"]
[WhiteElo "1983"]
[WhiteRD "63"]
[BlackElo "2009"]
[BlackRD "55"]
[GameID "412269"]

1. d4 Nf6 2. Nf3 e6 3. c4 b6 4. Nc3 Bb7 5. Bg5 h6 6. Bh4 Be7 7. e3 O-O 8. Bd3 d5 9. O-O c5 10. Qe2 cxd4
11. exd4 dxc4 12. Bxc4 Nc6 13. Rad1 Nb4 14. Ne5 Nbd5 15. Bg3 Rc8 16. Nb5 a6 17. Nc3 b5 18. Bxd5 Nxd5 19. Ne4 Nf6 20. Nc5 Qb6
21. b4 Rfd8 22. f4 Bd5 23. f5 exf5 24. Rxf5 Re8 25. Qd2 Be6 26. Rf3 Red8 27. Bh4 Rd5 28. Qf2 Rcd8 29. Rd2 R8d6 30. Rfd3 Rd8
31. Re2 g5 32. Bg3 Nh5 33. Nxf7 Bxf7 34. Rxe7 Rf8 35. Rf3
1-0

[Event "Spring Arrival"]
[Site "SchemingMind.com"]
[Date "2017.04.03"]
[Round "-"]
[White "flyinduck"]
[Black "John Hamer"]
[Result "1/2-1/2"]
[WhiteCountry "CAN"]
[BlackCountry "ENG"]
[WhiteElo "2006"]
[WhiteRD "56"]
[BlackElo "1972"]
[BlackRD "66"]
[GameID "412270"]

1. d4 d5 2. Bg5 h6 3. Bh4 Nf6 4. Nf3 e6 5. e3 Be7 6. Bd3 O-O 7. O-O Nbd7 8. c4 Re8 9. Nc3 c5 10. cxd5 exd5
11. Rc1 b6 12. Ne5 Bb7 13. f4 c4 14. Bb1 Rc8 15. g4 Ne4 16. Bxe7 Qxe7 17. Nxe4 Nxe5 18. fxe5 dxe4 19. Rf4 Rc7 20. Qe2 Qb4=
21. Rcf1 g5 22. Rf6 Re6 23. Qf2 Qe7 24. Qg2 Rxf6 25. Rxf6 Qb4 26. Rf1 Re7 27. Bxe4 Bxe4 28. Qxe4 Qxb2=
1/2-1/2

[Event "Spring Arrival"]
[Site "SchemingMind.com"]
[Date "2017.03.30"]
[Round "-"]
[White "Stephen Woodhouse"]
[Black "flyinduck"]
[Result "0-1"]
[WhiteCountry "ENG"]
[BlackCountry "CAN"]
[WhiteElo "1846"]
[WhiteRD "61"]
[BlackElo "2006"]
[BlackRD "56"]
[GameID "412271"]

1. e4 e5 2. Nf3 Nc6 3. d4 exd4 4. Nxd4 Bc5 5. Nxc6 Qf6 6. Qf3 bxc6 7. Nc3 Bd4 8. Bd2 Rb8 9. Rb1 d6 10. Bc4 Ne7
11. O-O Qxf3 12. gxf3 Be6 13. Bxe6 fxe6 14. Ne2 Bf6 15. Bc3 Bxc3 16. Nxc3 O-O 17. Kg2 Ng6 18. Kg3 Rf7 19. Ne2 Rbf8 20. Nd4 c5
21. Nxe6 Rxf3+ 22. Kg2 Nh4+ 23. Kg1 R8f6 24. Nxc7 Rg6+ 25. Kh1 Rh3 26. Rg1 Nf3 27. Rg2 Kh8 28. Rd1 Rgh6
0-1

[Event "Spring Arrival"]
[Site "SchemingMind.com"]
[Date "2017.03.30"]
[Round "-"]
[White "flyinduck"]
[Black "Stephen Woodhouse"]
[Result "1/2-1/2"]
[WhiteCountry "CAN"]
[BlackCountry "ENG"]
[WhiteElo "2006"]
[WhiteRD "56"]
[BlackElo "1846"]
[BlackRD "61"]
[GameID "412272"]

1. d4 e6 2. c4 f5 3. Nc3 Nf6 4. Nf3 Be7 5. g3 O-O 6. Bg2 d6 7. O-O Ne4 8. Qc2 Nxc3 9. Qxc3 Bf6 10. c5 Nc6
11. Be3 e5 12. cxd6 cxd6 13. Rfd1 Qe7 14. Qa3 e4 15. Ne1 d5 16. Nc2 Qxa3 17. Nxa3 a6 18. Nc2 Bd7 19. Rac1 Rac8 20. f3 Be7
21. a3 Na5 22. Nb4 Bxb4 23. axb4 Nc4 24. Kf2 Nxb2 25. Re1 Rc4 26. Rxc4 Nxc4 27. Bf4 Rc8 28. Rc1 Kf7 29. g4 g6 30. h4 Ke6
31. h5 b6 32. hxg6 hxg6 33. Rh1=
1/2-1/2

[Event "Spring Arrival"]
[Site "SchemingMind.com"]
[Date "2017.03.30"]
[Round "-"]
[White "frankly"]
[Black "flyinduck"]
[Result "1-0"]
[WhiteCountry "ENG"]
[BlackCountry "CAN"]
[WhiteElo "2527"]
[WhiteRD "58"]
[BlackElo "2009"]
[BlackRD "55"]
[GameID "412273"]

1. e4 e5 2. Nf3 Nc6 3. Bb5 a6 4. Ba4 Nf6 5. O-O Be7 6. Re1 b5 7. Bb3 d6 8. a4 Bg4 9. c3 O-O 10. h3 Bxf3
11. Qxf3 Na5 12. Bc2 c5 13. axb5 axb5 14. d3 Nc6 15. Rxa8 Qxa8 16. Nd2 h6 17. Nf1 Nh7 18. Ng3 Bg5 19. Nf5 Qd8 20. Qg3 Qf6
21. f4 exf4 22. Bxf4 Bxf4 23. Qxf4 Rd8 24. Rf1 Ne5 25. d4 cxd4 26. cxd4 Nc4 27. b3 Na3 28. Bd3 Ng5 29. Qc1 b4 30. Qc7 Ne6
31. Qb6
1-0

[Event "Spring Arrival"]
[Site "SchemingMind.com"]
[Date "2017.03.30"]
[Round "-"]
[White "flyinduck"]
[Black "frankly"]
[Result "0-1"]
[WhiteCountry "CAN"]
[BlackCountry "ENG"]
[WhiteElo "2006"]
[WhiteRD "56"]
[BlackElo "2531"]
[BlackRD "59"]
[GameID "412274"]

1. d4 Nf6 2. Bg5 d5 3. Nc3 Nbd7 4. e4 dxe4 5. f3 exf3 6. Nxf3 a6 7. a4 e6 8. Bd3 Be7 9. Qd2 c5 10. O-O-O cxd4
11. Nxd4 Nc5 12. Kb1 h6 13. Bh4 Bd7 14. Rhe1 O-O 15. g4 Nxd3 16. Qxd3 Rc8 17. g5 hxg5 18. Bxg5 Rxc3 19. bxc3 Bxa4 20. Rg1 Qb6+
21. Kc1 Rd8 22. Qf3 Ba3+ 23. Kd2 Rxd4+ 24. cxd4 Qxd4+
0-1

[Event "Spring Arrival"]
[Site "SchemingMind.com"]
[Date "2017.04.10"]
[Round "-"]
[White "opageo"]
[Black "John Hamer"]
[Result "1-0"]
[WhiteCountry "SCO"]
[BlackCountry "ENG"]
[WhiteElo "2158"]
[WhiteRD "94"]
[BlackElo "1983"]
[BlackRD "63"]
[GameID "412695"]

1. d4 Nf6 2. Bg5 d5 3. Bxf6 exf6 4. e3 Bd6 5. Bd3 O-O 6. Qh5 g6 7. Qf3 Nc6 8. c3 Re8 9. Ne2 Be6 10. Nf4 f5
11. Nd2 Ne7 12. O-O-O a5 13. h4 a4 14. h5 g5 15. Nxe6 fxe6 16. g4 Rf8 17. gxf5 exf5 18. c4 Bb4 19. a3 Bxd2+ 20. Rxd2 g4
21. Qf4 b6 22. f3 Qd7 23. Rg1 Qe6 24. fxg4 fxg4 25. Qxg4+ Qxg4 26. Rxg4+ Kh8 27. Rdg2 dxc4 28. Bxc4 Rad8 29. Bd3 Rf7 30. Kd2 Rdf8
31. e4 Rf3 32. d5 Rh3 33. Rg5 h6 34. Re5 Rf7 35. Bc2 b5 36. Bd3 Kh7 37. Bxb5 Rb3 38. Bxa4 Rxb2+ 39. Bc2 Rb6 40. Kc3 Ra6
41. a4 Kh8 42. Kb4 Rb6+ 43. Kc5 Ra6 44. Bb3 Ra8 45. Re6 Rh7 46. d6 cxd6+ 47. Rxd6
1-0

[Event "Spring Arrival"]
[Site "SchemingMind.com"]
[Date "2017.04.10"]
[Round "-"]
[White "John Hamer"]
[Black "opageo"]
[Result "0-1"]
[WhiteCountry "ENG"]
[BlackCountry "SCO"]
[WhiteElo "1983"]
[WhiteRD "63"]
[BlackElo "2158"]
[BlackRD "94"]
[GameID "412696"]

1. c4 g6 2. d4 Nf6 3. Nf3 Bg7 4. Bf4 d6 5. Nc3 Nbd7 6. h3 O-O 7. e3 Re8 8. Be2 c5 9. O-O Qb6 10. Qd2 e5
11. dxe5 dxe5 12. Bh2 e4 13. Ne1 Ne5 14. Rd1 Bf5 15. Na4 Qc6 16. b3 Re7 17. g4 Bc8 18. Nc3 Rd7 19. Qc2 Nf3+ 20. Bxf3 exf3
21. Nd3 Ne4 22. Nd5 Ng5 23. N3f4 a5 24. Rfe1 a4 25. h4 Ne6 26. Qe4 axb3 27. axb3 Ra3 28. Qxf3 Nc7 29. e4 Ne6 30. e5 Kh8
31. h5 g5 32. Ne2 b5 33. Ra1 Rxa1 34. Rxa1 bxc4 35. bxc4 Ba6 36. Qe4 Bxc4 37. Qxc4 Rxd5 38. Qb3 Kg8 39. Qe3 c4 40. Nc3 Rd4
41. Qe2 Nc5 42. Rd1 Nd3 43. Rb1 Qe8 44. Nb5 Rd7 45. Nc3 Bxe5 46. Bxe5= Qxe5 47. Rb5 Qxe2 48. Rxg5+ Kf8 49. Nxe2 Re7 50. Kf1 Re5
51. f4 Re4 52. Rf5= Re3 53. g5 Rf3+ 54. Kg1 Ke8 55. Rf6 Rf2 56. g6 fxg6 57. hxg6 hxg6 58. Re6+= Kf7 59. Re3 Kf6 60. Re4 Kf5
61. Re5+ Kg4 62. Re6 Rxe2 63. Rxe2 Kxf4 64. Rc2 Ne5 65. Rc3 Ke4 66. Rg3 g5
0-1

[Event "Spring Arrival"]
[Site "SchemingMind.com"]
[Date "2017.04.09"]
[Round "-"]
[White "opageo"]
[Black "Stephen Woodhouse"]
[Result "1-0"]
[WhiteCountry "SCO"]
[BlackCountry "ENG"]
[WhiteElo "2133"]
[WhiteRD "101"]
[BlackElo "1846"]
[BlackRD "61"]
[GameID "412697"]

1. d4 e6 2. Nf3 f5 3. Bg5 Be7 4. Bxe7 Qxe7 5. Nbd2 Nf6 6. e3 O-O 7. Bd3 b6 8. O-O Bb7 9. c3 d6 10. Re1 Nbd7
11. e4 fxe4 12. Nxe4 Nxe4 13. Bxe4 Bxe4 14. Rxe4 Rae8 15. Re2 Qf6 16. Qa4 Re7 17. Qxa7 c5 18. Rd1 cxd4 19. Nxd4 e5 20. Nb5 Nc5
21. Qxb6 Qg5 22. Nxd6 Qg4 23. f3 Rxf3 24. Qxc5 e4 25. Qd5+ Kf8 26. Qa8+
1-0

[Event "Spring Arrival"]
[Site "SchemingMind.com"]
[Date "2017.04.10"]
[Round "-"]
[White "Stephen Woodhouse"]
[Black "opageo"]
[Result "0-1"]
[WhiteCountry "ENG"]
[BlackCountry "SCO"]
[WhiteElo "1846"]
[WhiteRD "61"]
[BlackElo "2133"]
[BlackRD "101"]
[GameID "412698"]

1. e4 c6 2. d4 d5 3. e5 Bf5 4. Nf3 e6 5. Be2 Nd7 6. O-O Ne7 7. Nbd2 h6 8. c3 Ng6 9. Re1 Nf4 10. Bf1 Nd3
11. Re2 Qb6 12. Nb3 a5 13. a4 c5 14. Nxc5 N7xc5 15. dxc5 Bxc5 16. Nd4 Bg6 17. b3 Bxd4 18. cxd4 Qxd4 19. Rd2 Qxa1
0-1

[Event "Spring Arrival"]
[Site "SchemingMind.com"]
[Date "2017.04.10"]
[Round "-"]
[White "opageo"]
[Black "frankly"]
[Result "0-1"]
[WhiteCountry "SCO"]
[BlackCountry "ENG"]
[WhiteElo "2133"]
[WhiteRD "101"]
[BlackElo "2531"]
[BlackRD "59"]
[GameID "412699"]

1. d4 Nf6 2. Bg5 d5 3. Bxf6 exf6 4. e3 Be6 5. Bd3 c5 6. dxc5 Bxc5 7. c3 O-O 8. Nf3 Nc6 9. Nbd2 Bd6 10. Qc2 g6
11. O-O a6 12. Qb3 d4 13. c4 dxe3 14. fxe3 f5 15. e4 f4 16. Rad1 Qe7 17. a3 Rad8 18. Qc3 g5 19. b4 g4 20. c5 Bc7
21. Ne1 Qh4 22. Qb2 Be5 23. Qb1 Nd4 24. h3 gxh3 25. Ndf3 Nxf3+ 26. Nxf3 Bd4+ 27. Nxd4 hxg2 28. Rf3 Rxd4
0-1

[Event "Spring Arrival"]
[Site "SchemingMind.com"]
[Date "2017.04.10"]
[Round "-"]
[White "frankly"]
[Black "opageo"]
[Result "1-0"]
[WhiteCountry "ENG"]
[BlackCountry "SCO"]
[WhiteElo "2531"]
[WhiteRD "59"]
[BlackElo "2133"]
[BlackRD "101"]
[GameID "412700"]

1. e4 c6 2. d4 d5 3. e5 Bf5 4. Nf3 e6 5. a3 Nd7 6. Nbd2 Ne7 7. Nh4 Qc7 8. Nxf5 Nxf5 9. Nf3 c5 10. c3 cxd4
11. cxd4 Rc8 12. Bd3 Bxa3 13. O-O Bb4 14. Bxf5 exf5 15. Be3 b5 16. Qd3 Qb7 17. Qxf5 Nb6 18. e6 f6 19. Bd2 Bxd2 20. Nxd2 Qe7
21. Qh5+ Kd8 22. Nb3 Rc2 23. Nc5 Rxb2 24. Rfc1 f5 25. Qf3 Qc7 26. Qxf5 Re8 27. Na4
1-0

[Event "Spring Arrival"]
[Site "SchemingMind.com"]
[Date "2017.04.10"]
[Round "-"]
[White "opageo"]
[Black "flyinduck"]
[Result "1/2-1/2"]
[WhiteCountry "SCO"]
[BlackCountry "CAN"]
[WhiteElo "2132"]
[WhiteRD "97"]
[BlackElo "2000"]
[BlackRD "61"]
[GameID "412701"]

1. d4 Nf6 2. Bg5 Ne4 3. Bf4 c5 4. f3 Qa5+ 5. c3 Nf6 6. Nd2 cxd4 7. Nb3 Qb6 8. Qxd4 Nc6 9. Qxb6 axb6 10. Bg5 d5
11. Nd4 Na7 12. Bxf6 gxf6 13. e4 dxe4 14. fxe4 Bd7 15. Bd3 Rg8 16. g3 e5 17. Nf5 O-O-O 18. O-O-O Nc6 19. Kc2 Bxf5 20. exf5 Bh6
21. Nf3 Ne7 22. Be4 Kc7 23. Rxd8 Rxd8 24. Rd1 Rxd1 25. Kxd1 b5 26. Bd3 Kc6 27. Nd2 Bxd2 28. Kxd2 Nc8 29. Be4+ Kb6 30. g4 Nd6
31. Kd3 Nxe4= 32. Kxe4 h6 33. Kd5 Ka5 34. b3 Kb6 35. h4 Ka5 36. Kc5 Ka6 37. b4 b6+ 38. Kd5 Kb7 39. c4 bxc4 40. Kxc4 Kc6
41. a4 b5+ 42. axb5+ Kb6 43. h5 Kb7 44. Kc5 Kc7 45. b6+ Kb7 46. b5 Kc8 47. Kb4 Kb8=
1/2-1/2

[Event "Spring Arrival"]
[Site "SchemingMind.com"]
[Date "2017.04.10"]
[Round "-"]
[White "flyinduck"]
[Black "opageo"]
[Result "0-1"]
[WhiteCountry "CAN"]
[BlackCountry "SCO"]
[WhiteElo "2009"]
[WhiteRD "55"]
[BlackElo "2158"]
[BlackRD "94"]
[GameID "412702"]

1. e4 c6 2. Nc3 d5 3. Nf3 Bg4 4. h3 Bxf3 5. Qxf3 e6 6. d4 dxe4 7. Nxe4 Qxd4 8. Bd3 Nd7 9. Be3 Qxb2 10. O-O Ne5
11. Qg3 Nxd3 12. cxd3 Qb4 13. Rab1 Qe7 14. Bc5 Qd7 15. Bxf8 Kxf8 16. Nc5 Qd5 17. Nxb7 Nf6 18. Rfc1 g6 19. Qd6+ Kg7 20. Rxc6 Qxa2
21. Rbc1 Qb2 22. Rc7 Ne8 23. Qd7 Nxc7 24. Rxc7 Qa1+ 25. Kh2 Qe5+ 26. g3 Rhf8
0-1

[Event "Spring Arrival"]
[Site "SchemingMind.com"]
[Date "2017.04.16"]
[Round "-"]
[White "opageo"]
[Black "Mirta Crevani"]
[Result "1/2-1/2"]
[WhiteCountry "SCO"]
[BlackCountry "ARG"]
[WhiteElo "2152"]
[WhiteRD "92"]
[BlackElo "2108"]
[BlackRD "72"]
[GameID "412913"]

1. d4 Nf6 2. Bg5 d5 3. e3 c6 4. Bxf6 exf6 5. c3 Bd6 6. Bd3 f5 7. Qf3 g6 8. Nd2 Be6 9. Ne2 Nd7 10. Nf4 Qe7
11. a3 Nf6 12. c4 Ne4 13. cxd5 cxd5 14. Bb5+ Kf8 15. Nb3 Kg7 16. O-O a6 17. Bd3 Rac8 18. Rfc1 h5 19. Qe2 h4 20. Qe1 g5
21. Nxe6+ fxe6 22. f3 Nf6 23. Rxc8 Rxc8 24. Rc1 Rxc1 25. Qxc1 Nd7 26. Na5 Nb6 27. b4 Qd7 28. Qc2 Kf6 29. Kh1 Kg7 30. e4 fxe4
31. fxe4 dxe4 32. Bxe4 Nd5 33. Bf3 Qf7 34. Qd2 Bf4 35. Qe2 Qc7 36. Nb3 Qc3 37. Qd1 Ne3 38. Qb1 b6 39. Bh5 Qc2 40. Qxc2 Nxc2
41. Be2 Nxa3 42. Bxa6 Nc2 43. b5 Be3 44. Bb7 Nxd4 45. Nxd4 Bxd4 46. Bc6 Kf6 47. g3 hxg3 48. hxg3 Kf5 49. Kg2 Bc5 50. Kf3 Bd6
51. g4+ Ke5 52. Bd7 Kd5 53. Ke3 e5 54. Bf5 Kc4 55. Bd3+ Kd5=
1/2-1/2

[Event "Spring Arrival"]
[Site "SchemingMind.com"]
[Date "2017.04.15"]
[Round "-"]
[White "Mirta Crevani"]
[Black "opageo"]
[Result "1/2-1/2"]
[WhiteCountry "ARG"]
[BlackCountry "SCO"]
[WhiteElo "2108"]
[WhiteRD "72"]
[BlackElo "2152"]
[BlackRD "92"]
[GameID "412914"]

1. c4 g6 2. Nc3 Bg7 3. g3 Nf6 4. e4 d6 5. Bg2 c5 6. Nge2 O-O 7. O-O Nc6 8. d3 Rb8 9. h3 Bd7 10. Be3 Qc8
11. Kh2 a6 12. a4 Qc7 13. Qd2 Rbe8 14. Bh6 Bxh6 15. Qxh6 Rd8 16. Qe3 Nb4 17. Qd2 b6 18. f4 Kg7 19. Nd5 Nfxd5 20. exd5 e6
21. Qc3+ Kg8 22. dxe6 fxe6 23. d4 Bc6 24. Bxc6= Qxc6 25. b3 Qe4 26. Qf3 d5 27. Rad1 Qxf3 28. Rxf3 cxd4 29. Nxd4 dxc4 30. bxc4 e5
31. Rb1 exd4 32. Rxb4 d3 33. Rb1 Rd4 34. Rd1 Rfd8 35. Rd2 Rxc4 36. Rfxd3 Rxd3 37. Rxd3 Rxa4 38. Kg2 b5 39. Rd7 h6 40. Kf3 Ra3+
41. Kg4 b4 42. Rb7 a5 43. h4 h5+ 44. Kg5 Rxg3+ 45. Kf6 Rg4 46. Ra7 b3 47. Rxa5 Kh7 48. f5 Rf4 49. Ra7+ Kh6 50. Kf7 gxf5
51. Ra8 Kh7 52. Rb8 Rxh4 53. Rxb3 f4 54. Rf3 Rg4 55. Kf6 Rg3 56. Rxf4 Kh6 57. Kf5 Rg8 58. Ke4 Rg1 59. Kf3 Rd1 60. Kg2 Kg5
61. Ra4 Rd5 62. Rb4 Re5 63. Ra4 Rf5 64. Rb4 Rc5 65. Ra4 Rb5 66. Rc4 Ra5 67. Rb4 Ra2+ 68. Kh3 Ra3+ 69. Kg2 Rd3 70. Rb5+ Kg6
71. Rb6+ Kg7 72. Rb7+ Kf6=
1/2-1/2

[Event "Spring Arrival"]
[Site "SchemingMind.com"]
[Date "2017.04.15"]
[Round "-"]
[White "Mirta Crevani"]
[Black "John Hamer"]
[Result "1-0"]
[WhiteCountry "ARG"]
[BlackCountry "ENG"]
[WhiteElo "2165"]
[WhiteRD "69"]
[BlackElo "1972"]
[BlackRD "66"]
[GameID "412915"]

1. c4 Nf6 2. Nc3 e6 3. e4 d5 4. e5 d4 5. exf6 dxc3 6. bxc3 Qxf6 7. d4 Nc6 8. Nf3 h6 9. Bd3 Bd6 10. Qe2 O-O
11. h4 Re8 12. Qe4 e5 13. d5 Nb8 14. Qh7+ Kf8 15. Be4 Na6 16. Bg5 hxg5 17. hxg5 Qd8 18. Qh8+ Ke7 19. Qxg7 Rg8 20. Qf6+ Ke8
21. Rh8 Rf8 22. Rxf8+ Bxf8 23. Qxe5+ Be7 24. g6 Bg4 25. Qh8+ Bf8 26. g7 Ke7 27. g8=Q
1-0

[Event "Spring Arrival"]
[Site "SchemingMind.com"]
[Date "2017.04.15"]
[Round "-"]
[White "John Hamer"]
[Black "Mirta Crevani"]
[Result "0-1"]
[WhiteCountry "ENG"]
[BlackCountry "ARG"]
[WhiteElo "1972"]
[WhiteRD "66"]
[BlackElo "2165"]
[BlackRD "69"]
[GameID "412916"]

1. d4 e6 2. Nf3 f5 3. c4 Nf6 4. Nc3 d5 5. Bf4 c6 6. e3 Be7 7. Bd3 O-O 8. O-O Ne4 9. h3 Nd7 10. Qc2 Qe8
11. Bh2 Qh5 12. Ne2 g5 13. Ne5 Ndf6 14. f3 Nd6 15. cxd5 Nxd5 16. Ng3 Qh6 17. Qd2 Nf7 18. Ne2 Nxe5 19. Bxe5 f4 20. exf4 gxf4
21. Nc3 Ne3 22. Rfe1 Bd7 23. Ne4 Be8 24. Bxf4 Qxf4 25. Rxe3 Bg6 26. Rd1 Rad8 27. Bc4 Bf5 28. Qc3 Rde8 29. Nc5 Bd6 30. Nxe6 Qh2+
31. Kf1 Bg3 32. Nxf8+ Kxf8 33. Qb4+ Kg7 34. Qxb7+ Kh6 35. Qxc6+ Bg6 36. Re4 Qh1+ 37. Ke2 Qxg2+ 38. Kd3 Qxf3+
0-1

[Event "Spring Arrival"]
[Site "SchemingMind.com"]
[Date "2017.04.15"]
[Round "-"]
[White "Mirta Crevani"]
[Black "Stephen Woodhouse"]
[Result "1-0"]
[WhiteCountry "ARG"]
[BlackCountry "ENG"]
[WhiteElo "2165"]
[WhiteRD "69"]
[BlackElo "1846"]
[BlackRD "61"]
[GameID "412917"]

1. c4 e6 2. g3 f5 3. Bg2 Nf6 4. Nf3 Be7 5. O-O O-O 6. d3 d5 7. Nc3 c6 8. e4 d4 9. Ne2 c5 10. exf5 exf5
11. b4 Nc6 12. b5 Nb8 13. Bg5 Nbd7 14. Nf4 Nb6 15. a4 h6 16. Bxf6 Bxf6 17. a5 Nd7 18. Ne6 Qe7 19. Nxf8 Nxf8 20. Re1 Qf7
21. Ne5 Bxe5 22. Rxe5 Ng6 23. Rxc5
1-0

[Event "Spring Arrival"]
[Site "SchemingMind.com"]
[Date "2017.04.15"]
[Round "-"]
[White "Stephen Woodhouse"]
[Black "Mirta Crevani"]
[Result "0-1"]
[WhiteCountry "ENG"]
[BlackCountry "ARG"]
[WhiteElo "1846"]
[WhiteRD "61"]
[BlackElo "2165"]
[BlackRD "69"]
[GameID "412918"]

1. e4 c6 2. d4 d5 3. e5 Bf5 4. Nf3 e6 5. Be2 Nd7 6. O-O h6 7. Nbd2 Ne7 8. c3 Qc7 9. Re1 a6 10. a4 c5
11. Nf1 Nc6 12. Bd2 Qb6 13. b3 cxd4 14. cxd4 Nxd4 15. Be3 Nxf3+ 16. Bxf3 Bc5 17. Rc1 Bxe3 18. Rxe3 O-O 19. Rec3 Nxe5 20. Be2 Nc6
21. Ne3 Bg6 22. h4 Rac8 23. Ng4 Ne7 24. Ne5 Be4 25. Nd7 Qb4 26. Rxc8 Rxc8 27. Rxc8+ Nxc8 28. f3 Bh7 29. Ne5 Qc5+ 30. Kh1 Ne7
31. Bd3 Bxd3 32. Qxd3 Qc1+ 33. Kh2 Qf4+
0-1

[Event "Spring Arrival"]
[Site "SchemingMind.com"]
[Date "2017.04.15"]
[Round "-"]
[White "Mirta Crevani"]
[Black "frankly"]
[Result "1/2-1/2"]
[WhiteCountry "ARG"]
[BlackCountry "ENG"]
[WhiteElo "2168"]
[WhiteRD "71"]
[BlackElo "2527"]
[BlackRD "58"]
[GameID "412919"]

1. c4 e5 2. Nc3 Nc6 3. g3 g6 4. Bg2 Bg7 5. e3 d6 6. Nge2 Nge7 7. O-O Bg4 8. h3 Be6 9. Nd5 O-O 10. d3 Qd7
11. Kh2 f5 12. Rb1 Rae8 13. b4 b5 14. cxb5 Nxd5 15. bxc6 Qxc6 16. Bb2 Qd7 17. a3 c6 18. Nc3 Nb6 19. Ne2 c5 20. bxc5 dxc5
21. f4 Bd5 22. e4 fxe4 23. dxe4 Bc4 24. Qe1 Bd3 25. Rd1 Qb5 26. Nc3 Qxb2 27. Rxd3 c4 28. Rdf3 exf4 29. gxf4 Rxf4 30. Rxf4 Bxc3
31. Qf2 Qxf2 32. R4xf2 Be5+ 33. Kh1 c3 34. Rc2 Nc4 35. Rfc1 Nxa3 36. Rxc3 Bxc3 37. Rxc3 Nb5 38. Rc5 Nd6 39. e5 Nf7 40. Bd5 Kf8
41. Bxf7 Kxf7 42. Ra5 Re7 43. Kg2=
1/2-1/2

[Event "Spring Arrival"]
[Site "SchemingMind.com"]
[Date "2017.04.15"]
[Round "-"]
[White "frankly"]
[Black "Mirta Crevani"]
[Result "1/2-1/2"]
[WhiteCountry "ENG"]
[BlackCountry "ARG"]
[WhiteElo "2531"]
[WhiteRD "59"]
[BlackElo "2165"]
[BlackRD "69"]
[GameID "412920"]

1. d4 Nf6 2. c4 e6 3. Nf3 b6 4. a3 Bb7 5. Nc3 d5 6. cxd5 Nxd5 7. Qc2 c5 8. dxc5 Bxc5 9. Bg5 f6 10. Bd2 O-O
11. e4 Nxc3 12. bxc3 Nc6 13. Bc4 Qe7 14. O-O Kh8 15. Rad1 Na5 16. Ba2 e5 17. Nh4 g6 18. Bh6 Rfd8 19. Qe2 Rxd1 20. Rxd1 Rd8
21. h3 Bc8= 22. Rxd8+ Qxd8 23. Bf7 Qc7 24. Nxg6+ hxg6 25. Bxg6 Qe7 26. Qh5 Kg8 27. Bh7+ Kh8 28. Bg6=
1/2-1/2

[Event "Spring Arrival"]
[Site "SchemingMind.com"]
[Date "2017.04.16"]
[Round "-"]
[White "Mirta Crevani"]
[Black "flyinduck"]
[Result "0-1"]
[WhiteCountry "ARG"]
[BlackCountry "CAN"]
[WhiteElo "2168"]
[WhiteRD "71"]
[BlackElo "2009"]
[BlackRD "55"]
[GameID "412921"]

1. c4 c5 2. Nc3 g6 3. g3 Bg7 4. Bg2 Nc6 5. e3 e5 6. Nge2 Nge7 7. O-O O-O 8. a3 d6 9. b4 Be6 10. d3 Rc8
11. Rb1 b6 12. Qb3 f5 13. f4 Kh8 14. Bd2 a6 15. Nd5 Bg8 16. Bc3 Nxd5 17. cxd5 g5 18. dxc6= Bxb3 19. Rxb3 d5 20. fxe5 Rxc6
21. bxc5 bxc5 22. d4 Qd7 23. Rfb1 cxd4 24. exd4 Rfc8 25. Rb7 R6c7 26. Rxc7 Rxc7 27. Rb8+ Rc8
0-1

[Event "Spring Arrival"]
[Site "SchemingMind.com"]
[Date "2017.04.16"]
[Round "-"]
[White "flyinduck"]
[Black "Mirta Crevani"]
[Result "0-1"]
[WhiteCountry "CAN"]
[BlackCountry "ARG"]
[WhiteElo "2021"]
[WhiteRD "59"]
[BlackElo "2158"]
[BlackRD "72"]
[GameID "412922"]

1. e4 c6 2. Nc3 d5 3. Nf3 Bg4 4. h3 Bxf3 5. Qxf3 e6 6. d4 dxe4 7. Qxe4 Nf6 8. Qd3 Nbd7 9. Bf4 Nb6 10. O-O-O Bd6
11. Bd2 Qc7 12. Kb1 O-O-O 13. g3 Nbd5 14. Bg2 Kb8 15. a3 Rc8 16. Ne2 c5 17. c4 Nb6 18. d5 exd5 19. cxd5 Rcd8 20. Nc3 a6
21. Bg5 Rde8 22. Bxf6 gxf6 23. f4 h5 24. h4 Rhg8 25. Be4 c4 26. Qf3 Qd7 27. Rhg1 f5 28. Bc2 Bc5 29. Rge1 Rxe1 30. Rxe1 Bd4
31. Ne2 Bh8 32. Qxh5 Qb5 33. b4 cxb3 34. Bxf5 Nc4
0-1